Дээвэр дээр суудаг Карлсон (Бичлэгийн дугаар. 1120564)
[ энгийн харах ]
| 000 -Удирдлага | |
|---|---|
| Ном зүйн бүртгэл тоо буюу кодлох утгыг агуулсан | 00877nam a22002297a 4500 |
| 008 - ЕРӨНХИЙ МЭДЭЭЛЭЛ-ЭЛЕМЕНТҮҮДИЙН ӨГӨГДЛИЙН УРТ | |
| fixed length control field | 240706b mp ||||| |||| 00| 0 mon d |
| 020 ## - ОЛОН УЛСЫН СТАНДАРТ НОМЫН ДУГААР-ISBN | |
| Олон Улсын Стандарт Номын Дугаар | 999785406-3 |
| 035 ## - СИСТЕМИЙН ХЯНАЛТЫН ДУГААР | |
| Системийн хяналтын дугаар | 22676 |
| 040 ## - ЭХ СУРВАЛЖИЙГ ТОДОРХОЙЛОН БИЧИХ | |
| Анхны каталогийн байгууллага | BH0164090 |
| Каталогийн хэл | Монгол |
| Бичлэг хийж нэвтрүүлэх байгууллага | MN-UlNLM |
| Өөрчлүүлэх байгууллага | MN-UlNLM |
| Бичиглэлийн тодорхойлолт | rda |
| 041 ## - ХЭЛНИЙ КОД | |
| Текстийн хэлний код/фонограм буюу салангид гарчиг | Монгол |
| 042 ## - AUTHENTICATION CODE | |
| Authentication code | 98476 |
| 084 ## - БУСАД АНГИЛЛЫН ДУГААР | |
| Ангиллын нэр | Номын сан номзүйн ангилал |
| Анги | 82.3/0/ |
| Зохиогчийн 3-н тэмдэгт | Л.59 |
| 100 ## - ЗОХИОГЧИЙН ХЭСЭГ | |
| Зохиогчийн нэр | Линдгрен А. |
| 245 #0 - ҮНДСЭН ГАРЧИГ | |
| Гарчиг | Дээвэр дээр суудаг Карлсон |
| 264 ## - ГАРАЛТЫН МЭДЭЭ | |
| Хэвлэгдсэн газар | Улаанбаатар |
| Бүтээгч, хэвлэгч, түгээгч, үйлдвэрлэгчийн нэр | Мир ном |
| Хэвлэгдсэн он | 2017 |
| 300 ## - ТООНЫ МЭДЭЭ | |
| Хуудасны тоо | 142х. |
| 336 ## - АГУУЛГЫН ТӨРӨЛ | |
| Нөөц | rdacontent |
| Агуулгын төрлийн нөхцөл | text |
| Агуулгын төрлийн код | txt |
| 337 ## - MEDIA TYPE | |
| Эх сурвалж | rdamedia |
| Файлын төрөл | unmediated |
| Файлын код | n |
| 338 ## - CARRIER TYPE | |
| Source | rdacarrier |
| Carrier type term | volume |
| Carrier type code | nc |
| 650 ## - Сэдэв | |
| Сэдэв | Дээвэр дээр суудаг Карлсон дээвэр дээр суудаг карлсон эргэж ирлээ, дээвэр дээр суудаг карлсон дахин дүрсгүйтэв Гарчиг: Карлсо... |
| 942 ## - ЭЛЕМЕНТИЙН ТӨРӨЛ | |
| Анги | Номын сан номзүйн ангилал |
| Төрөл | Ном |
| Буцаан татагдсан төлөв | Хасагдсан шалтгаан | Гэмтсэн төлөв | Данс заагч | Захиалах боломжгүй | Үндсэн номын сан | Одоогийн байршил | Салбар танхим | Салбар танхим | Бүртгэсэн огноо | Тавиурын заалт | Баркод | Үнэ | Хамгийн сүүлд байсан огноо | Нийт уншлаганд гарсан тоо | Дансны дугаар | Төрөл |
|---|---|---|---|---|---|---|---|---|---|---|---|---|---|---|---|---|
| Баянхонгор | Баянхонгор | Баянхонгор | Хүүхдийн уншлагын танхим | Баянхонгор | Хүүхдийн уншлагын танхим | 2024-07-07 | 82.3/0/ Л.59 | BH01622676-2-1 | 6900.00 | 2024-07-07 | 46210 | Ном | ||||||
| Баянхонгор | Баянхонгор | Баянхонгор | Хүүхдийн уншлагын танхим | Баянхонгор | Хүүхдийн уншлагын танхим | 2024-07-07 | 82.3/0/ Л.59 | BH01622676-2-2 | 6900.00 | 2024-07-07 | 46211 | Ном | ||||||
| Баянхонгор | Баянхонгор | Баянхонгор | Хүүхдийн уншлагын танхим | Баянхонгор | Хүүхдийн уншлагын танхим | 2024-07-07 | 82.3/0/ Л.59 | BH01622676-2-3 | 6900.00 | 2024-07-07 | 46212 | Ном | ||||||
| Баянхонгор | Баянхонгор | Баянхонгор | Нийтийн уншлагын танхим | Баянхонгор | Нийтийн уншлагын танхим | 2024-07-07 | 82.3/0/ Л.59 | BH01622676-6-1 | 6900.00 | 2024-07-07 | 46304 | Ном | ||||||
| Баянхонгор | Баянхонгор | Баянхонгор | Нийтийн уншлагын танхим | Баянхонгор | Нийтийн уншлагын танхим | 2024-07-07 | 82.3/0/ Л.59 | BH01622676-6-2 | 6900.00 | 2024-07-07 | 46305 | Ном | ||||||
| Баянхонгор | Баянхонгор | Баянхонгор | Нийтийн уншлагын танхим | Баянхонгор | Нийтийн уншлагын танхим | 2024-07-07 | 82.3/0/ Л.59 | BH01622676-6-3 | 6900.00 | 2024-07-07 | 46306 | Ном |